Código de la infancia y la adolescencia (Ley 1098 de noviembre 8 de 2006) (Comentado y concordado) (Registro nro. 7479)
[ vista simple ]
| 000 -LEADER | |
|---|---|
| fixed length control field | 01200cam a2200277 a 4500 |
| 003 - CONTROL NUMBER IDENTIFIER | |
| control field | OSt |
| 005 - DATE AND TIME OF LATEST TRANSACTION | |
| control field | 20210306184203.0 |
| 008 - FIXED-LENGTH DATA ELEMENTS--GENERAL INFORMATION | |
| fixed length control field | 080307s2007 ck grl 001 0 spa d |
| 040 ## - CATALOGING SOURCE | |
| Original cataloging agency | CO-JMCR |
| Transcribing agency | CO-JMCR |
| 041 0# - LANGUAGE CODE | |
| Language code of text/sound track or separate title | spa |
| 082 04 - DEWEY DECIMAL CLASSIFICATION NUMBER | |
| Classification number | 346.2 / |
| Item number | C718c |
| Edition number | 21 |
| 110 1# - MAIN ENTRY--CORPORATE NAME | |
| Corporate name or jurisdiction name as entry element | Colombia |
| 9 (RLIN) | 8040 |
| 240 10 - UNIFORM TITLE | |
| Uniform title | Leyes, etc. |
| 245 10 - TITLE STATEMENT | |
| Title | Código de la infancia y la adolescencia (Ley 1098 de noviembre 8 de 2006) (Comentado y concordado) |
| 250 ## - EDITION STATEMENT | |
| Edition statement | Tercera edición |
| 260 ## - PUBLICATION, DISTRIBUTION, ETC. | |
| Place of publication, distribution, etc. | Bogotá : |
| Name of publisher, distributor, etc. | Procuraduría General de la Nación, |
| Date of publication, distribution, etc. | 2008 |
| 300 ## - PHYSICAL DESCRIPTION | |
| Extent | 234 páginas ; |
| Dimensions | 24 cm. |
| 500 ## - GENERAL NOTE | |
| General note | Incluye índice. |
| 505 2# - FORMATTED CONTENTS NOTE | |
| Formatted contents note | La protección integral -- Sistema de responsabilidad penal para adolescentes y procedimientos especiales para cuando los niños, las niñas o los adolescentes son víctimas de delitos -- Sistema Nacional de Bienestar Familiar, políticas públicas e inspección, vigilancia y control |
| 610 14 - SUBJECT ADDED ENTRY--CORPORATE NAME | |
| Corporate name or jurisdiction name as entry element | Colombia |
| Title of a work | Ley 1098 de 2006 (noviembre 8) |
| 9 (RLIN) | 14494 |
| 650 14 - SUBJECT ADDED ENTRY--TOPICAL TERM | |
| Topical term or geographic name entry element | Niños |
| General subdivision | Legislación |
| Geographic subdivision | Colombia |
| 9 (RLIN) | 13632 |
| 650 24 - SUBJECT ADDED ENTRY--TOPICAL TERM | |
| Topical term or geographic name entry element | Adolescentes |
| General subdivision | Legislación |
| Geographic subdivision | Colombia |
| 9 (RLIN) | 14495 |
| 650 24 - SUBJECT ADDED ENTRY--TOPICAL TERM | |
| Topical term or geographic name entry element | Derecho de familia |
| Geographic subdivision | Colombia |
| 9 (RLIN) | 14496 |
| 650 24 - SUBJECT ADDED ENTRY--TOPICAL TERM | |
| Topical term or geographic name entry element | Derechos del niño |
| Geographic subdivision | Colombia |
| 9 (RLIN) | 14497 |
| 942 ## - ADDED ENTRY ELEMENTS (KOHA) | |
| Source of classification or shelving scheme | Dewey Decimal Classification |
| Koha item type | Books |
| Withdrawn status | Lost status | Source of classification or shelving scheme | Damaged status | Not for loan | Home library | Current library | Date acquired | Source of acquisition | Total Checkouts | Full call number | Barcode | Date last seen | Copy number | Price effective from | Koha item type |
|---|---|---|---|---|---|---|---|---|---|---|---|---|---|---|---|
| Dewey Decimal Classification | Biblioteca Pública José María del Castillo y Rada | Biblioteca Pública José María del Castillo y Rada | 03/06/2021 | Donación | 346.2 / C718c | 201810691 | 05/16/2024 | Ej.1 | 03/06/2021 | Books |